| 000 | 01796nam0a2200373 4500 | ||
|---|---|---|---|
| 001 | RU\NLR\BIBL_A\022624245 | ||
| 005 | 20260420053544.0 | ||
| 010 |
_a978-5-91292-552-8 _91000 |
||
| 021 |
_aRU _bКН-П-25-045258 _9КН-П-25-4396 |
||
| 035 | _a(NLR Aleph) 022624245 | ||
| 090 |
_a13684450 _c13684450 |
||
| 100 | _a20250918d2025 k y0rusy50 ca | ||
| 101 | 0 | _arus | |
| 102 | _aRU | ||
| 105 | _ay z 000yy | ||
| 181 | 0 |
_ai _baxxe |
|
| 182 | 0 | _an | |
| 200 | 1 |
_aКомплексное исследование международных практик государственного регулирования игорного бизнеса и мер по предупреждению лудомании _eмонография _fЕ. А. Бурибаев, Ж. А. Хамзина |
|
| 203 |
_aТекст _bвизуальный _cнепосредственный |
||
| 210 |
_aМосква _cПервое экономическое изд-во _d2025 |
||
| 215 |
_a364 с. _d22 |
||
| 320 | _aБиблиогр.: с. 325-364 и в подстроч. примеч. | ||
| 606 | 1 |
_aИгорный бизнес _xПравовое регулирование _92619853 _3RU\NLR\AUTH\661556413 |
|
| 606 | 1 |
_aИгровая зависимость _xПредупреждение _xРоль государства _91223563 _3RU\NLR\AUTH\66498166 |
|
| 686 | 1 | _aХ623.012.128 | |
| 686 | 1 | _aХ830.128 | |
| 686 | 1 | _aХ621.032 | |
| 686 | 1 | _aХ811.03 | |
| 700 | 1 |
_7ca _8rus _aБурибаев _bЕ. А. _f1975- _gЕрмек Абильтаевич _9178626 _3RU\NLR\AUTH\770178677 |
|
| 701 | 1 |
_7ca _8rus _aХамзина _bЖ. А. _f1976- _gЖанна Амангельдиновна _9178633 _3RU\NLR\AUTH\770178684 |
|
| 942 | _cBOOK | ||
| 980 | _aNB | ||